|
|
|
|
| LEADER |
00000nab a2200000 a 4500 |
| 001 |
vtls000269618 |
| 003 |
SK-MaSNL |
| 005 |
20260318121836.0 |
| 008 |
040806c1985 xo 0 ukr |
| 015 |
|
|
|a SNBRB19rr/mm-uuuuu
|
| 035 |
|
|
|a CL0279732
|
| 040 |
|
|
|a SNKBUCL
|b slo
|c SNKBUCL
|e AACR2
|
| 041 |
0 |
|
|a slo
|
| 044 |
|
|
|a xo
|c SK
|
| 080 |
|
|
|a 792
|2 1981
|
| 100 |
1 |
|
|a Rešovský, Jozef,
|d 1934-1990
|4 aut
|9 175551
|
| 245 |
1 |
0 |
|a Krok, pro jakyj rado zhaduju
|c Jurij Juras, Jozef Rešovský
|
| 300 |
|
|
|b Obr. 1.
|
| 610 |
2 |
7 |
|a Ukrajinské národné divadlo v Prešove
|2 snkbucl
|9 232422
|
| 650 |
0 |
7 |
|a divadlá
|2 snkbucl
|9 29113
|
| 650 |
0 |
7 |
|a ukrajinské divadlo
|2 snkbucl
|9 97568
|
| 651 |
|
7 |
|a Prešov (Slovensko)
|2 snkbucl
|9 17347
|
| 655 |
|
7 |
|a rozhovory
|2 snkbucl
|9 31831
|
| 655 |
|
7 |
|a články z novín a časopisov
|2 snkbucl
|9 267496
|
| 700 |
1 |
|
|a Juras, Jurij
|4 aut
|9 973347
|
| 773 |
0 |
|
|t Nove žyttja
|g Roč. 35, č. 45 (8. 11. 1985), s. 2
|
| 850 |
|
|
|a Slovenská národná knižnica v Martine
|a MTA001
|
| 852 |
|
|
|a SNK
|b KIS3GCP
|
| 999 |
|
|
|c 3166166
|d 3168096
|